LEADER 00970nam--2200361---450- 001 990005918170203316 005 20140107130018.0 010 $a0-19-926319-1 035 $a000591817 035 $aUSA01000591817 035 $a(ALEPH)000591817USA01 035 $a000591817 100 $a20140107d2003----km-y0itay50------ba 101 $aeng 102 $aGB 105 $a||||||||001yy 200 1 $aAulus Gellius$ean Antonine scholar and his achievement$fLeofranc Holford-Strevens 205 $aRevised edition 210 $aOxford$cOxford University$d2003 215 $aXXIII,436 p.$d23 cm 410 0$12001 454 1$12001 461 1$1001-------$12001 676 $a089.71 700 1$aHOLFORD-STREVENS,$bLeofranc$0171208 801 0$aIT$bsalbc$gISBD 912 $a990005918170203316 951 $aTL 24,5$b8982 DSA 959 $aBK 969 $aDSA 979 $aDSA$b90$c20140107$lUSA01$h1300 996 $aAulus Gellius$9488516 997 $aUNISA LEADER 00850nam--2200325---450 001 990002335270203316 005 20200507082653.0 035 $a000233527 035 $aUSA01000233527 035 $a(ALEPH)000233527USA01 035 $a000233527 100 $a20050105d1970----km-y0itay0103----ba 101 0 $aita 102 $aIT 105 $aa---||||001yy 200 1 $aAeropittura futurista$fTesto di Franco Passoni 210 $aMilano$cGalleria Blu$d1970 215 $a86 p.$cill.$d24 cm 225 2 $a<> presenze 410 0$12001$a<> presenze 606 0 $aFuturismo 676 $a709 702 1$aPASSONI,$bFranco 801 0$aIT$bsalbc$gISBD 912 $a990002335270203316 951 $aXVII A. 2213$b740 DLAS$cXVII A.$d390617 959 $aBK 969 $aCAS 996 $aAeropittura futurista$91069981 997 $aUNISA LEADER 01486nam0 22003853i 450 001 VAN00105632 005 20240806100729.281 010 $a03-87968-51-2 010 $a35-409-6851-2 100 $a20160526d1989 |0itac50 ba 101 $aeng 102 $aUS 105 $a|||| ||||| 200 1 $aApproximate Distributions of Order Statistics$ewith Applications to Nonparametric Statistics$fR. D. Reiss 210 $aNew York [etc.]$cSpringer$d1989 215 $aXII, 355 p.$d25 cm 410 1$1001VAN00036509$12001 $aSpringer series in statistics$1210 $aBerlin [etc.]$cSpringer 606 $aAnalisi dei dati$3VANC032449$2EC 610 $aMathematics$9KW:K 610 $aParametric statistics$9KW:K 610 $aProbability$9KW:K 610 $aRandom variables$9KW:K 610 $aStatistical Theory$9KW:K 610 $aStatistics$9KW:K 620 $aUS$dNew York$3VANL000011 676 $a519.5$v21 700 1$aReiss$bRolf D.$3VANV082106$01453576 712 $aSpringer $3VANV108073$4650 801 $aIT$bSOL$c20250606$gRICA 856 4 $u/sebina/repository/catalogazione/documenti/reiss.pdf$zreiss.pdf 899 $aBIBLIOTECA DEL DIPARTIMENTO DI ECONOMIA$1IT-CE0106$2VAN03 912 $aVAN00105632 950 $aBIBLIOTECA DEL DIPARTIMENTO DI ECONOMIA$d03PREST VCb40 $e03 32431 20160526 996 $aApproximate Distributions of Order Statistics$93656249 997 $aUNICAMPANIA